00301nam a2200121Ia 4500008004100000100002400041245001100065260004900076300000800125650002200133942000700155999001700162190216s9999||||xx |||||||||||||| ||und|| aRabindranath Tagore 0aChitra bSahithya Pravarthaka Sahakarana Sangamc1961 a67p aMalayalam Nadakam cBK c24531d24531